|
|
|
|
| LEADER |
01813nam a22004215i 4500 |
| 001 |
978-1-907673-24-5 |
| 003 |
DE-He213 |
| 005 |
20131218214924.0 |
| 007 |
cr nn 008mamaa |
| 008 |
111213s2009 xxk| s |||| 0|eng d |
| 020 |
|
|
|a 9781907673245
|9 978-1-907673-24-5
|
| 024 |
7 |
|
|a 10.1007/978-1-907673-24-5
|2 doi
|
| 040 |
|
|
|d GrThAP
|
| 050 |
|
4 |
|a RC434.2-574
|
| 072 |
|
7 |
|a MMH
|2 bicssc
|
| 072 |
|
7 |
|a MED105000
|2 bisacsh
|
| 082 |
0 |
4 |
|a 616.89
|2 23
|
| 100 |
1 |
|
|a Friedman, Edward S.
|e author.
|
| 245 |
1 |
0 |
|a Handbook of Depression
|h [electronic resource] /
|c by Edward S Friedman, Ian M Anderson.
|
| 264 |
|
1 |
|a Tarporley :
|b Springer Healthcare Ltd.,
|c 2009.
|
| 300 |
|
|
|a VII, 90 p.
|b online resource.
|
| 336 |
|
|
|a text
|b txt
|2 rdacontent
|
| 337 |
|
|
|a computer
|b c
|2 rdamedia
|
| 338 |
|
|
|a online resource
|b cr
|2 rdacarrier
|
| 347 |
|
|
|a text file
|b PDF
|2 rda
|
| 505 |
0 |
|
|a Classification, causes, and epidemiology -- Depression in different types of patients -- Diagnosis -- Principles of therapy -- Medications -- Other treatments -- Management of treatment nonresponse -- Continuation and maintenance treatment.
|
| 520 |
|
|
|a The book provides an overview of the whole field of depressive disorders by two recognised experts. Written by well known authors, one European and one from USA this pocket-sized book covers the whole field including a practical guide of use in the clinic.
|
| 650 |
|
0 |
|a Medicine.
|
| 650 |
|
0 |
|a Psychiatry.
|
| 650 |
1 |
4 |
|a Medicine & Public Health.
|
| 650 |
2 |
4 |
|a Psychiatry.
|
| 700 |
1 |
|
|a Anderson, Ian M.
|e author.
|
| 710 |
2 |
|
|a SpringerLink (Online service)
|
| 773 |
0 |
|
|t Springer eBooks
|
| 776 |
0 |
8 |
|i Printed edition:
|z 9781908517241
|
| 856 |
4 |
0 |
|u http://dx.doi.org/10.1007/978-1-907673-24-5
|z Full Text via HEAL-Link
|
| 912 |
|
|
|a ZDB-2-SME
|
| 950 |
|
|
|a Medicine (Springer-11650)
|